| 000 | 01017nam a2200253 i 4500 | ||
|---|---|---|---|
| 001 | 66682 | ||
| 003 | ES-MaACL | ||
| 005 | 20240124161617.0 | ||
| 007 | t| | ||
| 008 | 040318m20022003sp ||||1| spa d | ||
| 080 | _a821.112.21-82"19" | ||
| 100 | 0 |
_aCanetti, Elias, _d1905-1994 _934493 |
|
| 245 | 1 | 0 |
_aObras completas / _cElias Canetti ; edición dirigida por Juan José del Solar. |
| 250 | _a1ª ed. | ||
| 260 |
_aBarcelona : _bCírculo de Lectores : _bGalaxia Gutenberg, _c<2002-2003> |
||
| 300 |
_av. <1-3> ; _c21 cm. |
||
| 505 | 8 | _aContiene: v. 1. Masa y poder -- v. 2. Historia de una vida : La lengua salvada, La antorcha al oído, El juego de ojos -- v. 3. La escuela del buen oír : Auto de fe, El testigo oidor, Las voces de Marrakesch-- v.4. Apuntes (1942-1993) | |
| 700 | 1 |
_aSolar, Juan José del, _d1946- _9107098 |
|
| 740 | 0 | _aMasa y poder. | |
| 740 | 0 | _aHistoria de una vida. | |
| 740 | 3 | _aLa escuela del buen oír. | |
| 852 |
_aES-MaACL _jP-1976 _bR.133516 |
||
| 999 |
_c66682 _d66682 |
||